<?xml version="1.0" encoding="UTF-8"?>
<marc:record xmlns:marc="http://www.loc.gov/MARC21/slim">
   <marc:leader>00000nam a2200000 a 4500</marc:leader>
   <marc:datafield ind1="1" ind2=" " tag="100">
      <marc:subfield code="a">Fiennes, Sophie</marc:subfield>
      <marc:subfield code="4">aut</marc:subfield>
      <marc:subfield code="e">Verfasser/-in</marc:subfield>
   </marc:datafield>
   <marc:datafield ind1="1" ind2=" " tag="100">
      <marc:subfield code="a">Fiennes, Sophie</marc:subfield>
   </marc:datafield>
   <marc:datafield ind1="1" ind2=" " tag="100">
      <marc:subfield code="a">Dunbar, Lowell "Sly"</marc:subfield>
   </marc:datafield>
   <marc:datafield ind1="1" ind2=" " tag="100">
      <marc:subfield code="a">Jones, Grace</marc:subfield>
   </marc:datafield>
   <marc:datafield ind1="1" ind2=" " tag="100">
      <marc:subfield code="a">Goude, Jean-Paul</marc:subfield>
   </marc:datafield>
   <marc:datafield ind1="0" ind2="0" tag="245">
      <marc:subfield code="a">Grace Jones: Bloodlight and Bami - Das Leben einer Ikone</marc:subfield>
   </marc:datafield>
   <marc:datafield ind1="0" ind2="0" tag="245">
      <marc:subfield code="c">Produktion: Shani Hinton, Katie Holly, Beverly Jones, Sophie Fiennes; Regie: Sophie Fiennes; Protagonist: Jean-Paul Goude, Grace Jones, Lowell "Sly" Dunbar; Montage: Sophie Fiennes; Drehbuch: Sophie Fiennes; Kamera: Remko Schnorr</marc:subfield>
   </marc:datafield>
   <marc:datafield ind1=" " ind2="1" tag="264">
      <marc:subfield code="a">Potsdam</marc:subfield>
      <marc:subfield code="b">filmwerte GmbH</marc:subfield>
      <marc:subfield code="c">2022</marc:subfield>
   </marc:datafield>
   <marc:datafield ind1="1" ind2=" " tag="520">
      <marc:subfield code="a">Grace Jones ist einer der letzten Paradiesvögel, die die Bühnen der Welt bevölkern. Auch mit fast 70 Jahren ist sie keinesfalls von gestern, sondern nach wie vor ein vor Energie sprühender Star. Regisseurin Sophie Fiennes hat die extravagante Diva über mehrere Jahre immer wieder mit der Kamera begleitet. Sie hat ihre spektakuläre Bühnenshow gefilmt, aber auch Privates wie Familienbesuche in Jamaika, wo Jones ihre Wurzeln hat. Doch sie arbeitet keine Biografie auf, sondern ohne Zeitzeugen und Archivmaterial entsteht das ganz gegenwärtige Bild einer faszinierenden Künstlerin.</marc:subfield>
   </marc:datafield>
   <marc:datafield ind1=" " ind2=" " tag="041">
      <marc:subfield code="a">eng</marc:subfield>
   </marc:datafield>
   <marc:datafield ind1=" " ind2=" " tag="300">
      <marc:subfield code="a">1 Online-Ressource (116 min), Bild: 1,85:1 HD</marc:subfield>
   </marc:datafield>
</marc:record>
